书目信息 |
| 题名: |
初中几何教案
|
|
| 作者: | 傅佑珊 , 胡杞 主编 | |
| 分册: | 二年级 | |
| 出版信息: | 北京 北京师范大学出版社 1999.10 |
|
| 页数: | 252页 | |
| 开本: | 19cm | |
| 丛书名: | 课堂教学设计丛书 | |
| 单 册: | ||
| 中图分类: | G633.63 | |
| 科图分类: | ||
| 主题词: | 中学--几何课 | |
| 电子资源: | ||
| ISBN: | 7-303-02481-6 | |
| 000 | 00738nam2 2200253 45 | |
| 001 | 0004031573 | |
| 005 | 20041229090318.7 | |
| 010 | @a7-303-02481-6@dCNY22.50 | |
| 100 | @a20000403d1999 km y0chiy0120 ea | |
| 101 | 0 | @achi |
| 105 | @a z 000yy | |
| 200 | 1 | @a初中几何教案@AChu Zhong Ji He Jiao An@i二年级@f傅佑珊,胡杞主编@FFu YouShan,Hu Qi Zhu Bian |
| 210 | @a北京@c北京师范大学出版社@d1999.10 | |
| 215 | @a252页@d19cm | |
| 225 | @a课堂教学设计丛书 | |
| 300 | @a根据最新版九年义务教育教材编写 | |
| 410 | @12001 @a课堂教学设计丛书 | |
| 517 | @a二年级@AEr Nian Ji | |
| 606 | 0 | @a中学@x几何课 |
| 690 | @aG633.63@v1 | |
| 701 | 0 | @a傅佑珊@4主编 |
| 701 | 0 | @a胡杞@4主编 |
| 801 | @aCN@bTSTC@c20000406 | |
| 905 | @dG633.63@e283:2 | |
| 初中几何教案.二年级/傅佑珊,胡杞主编.-北京:北京师范大学出版社,1999.10 |
| 252页;19cm.-(课堂教学设计丛书) |
| 根据最新版九年义务教育教材编写 |
| ISBN 7-303-02481-6:CNY22.50 |
| ● |
| 相关链接 |
|
|
|
|
正题名:初中几何教案
索取号:G633.63/283:2
 
预约/预借
| 序号 | 登录号 | 条形码 | 馆藏地/架位号 | 状态 | 备注 |
| 1 | 0287113 | 002871137 | 第四借阅区/ [索取号:G633.63/283:2] | 在馆 | |
| 2 | 0287114 | 002871146 | 第四借阅区/ [索取号:G633.63/283:2] | 在馆 | |
| 3 | 0287115 | 002871155 | 第四借阅区/ [索取号:G633.63/283:2] | 在馆 | |
| 4 | 0287116 | 002871164 | 第四借阅区/ [索取号:G633.63/283:2] | 在馆 | |
| 5 | 0287117 | 002871173 | 第四借阅区/ [索取号:G633.63/283:2] | 在馆 | |
| 6 | 0287118 | 002871182 | 第四借阅区/ [索取号:G633.63/283:2] | 在馆 | |
| 7 | 0287119 | 002871191 | 第四借阅区/ [索取号:G633.63/283:2] | 在馆 | |
| 8 | 0287121 | 002871217 | 第四借阅区/ [索取号:G633.63/283:2] | 在馆 | |
| 9 | 0287122 | 002871226 | 第四借阅区/ [索取号:G633.63/283:2] | 在馆 | |
| 10 | 0287123 | 002871235 | 第四借阅区/ [索取号:G633.63/283:2] | 在馆 | |
| 11 | 0287124 | 002871244 | 第四借阅区/ [索取号:G633.63/283:2] | 在馆 | |
| 12 | 0287125 | 002871253 | 第四借阅区/ [索取号:G633.63/283:2] | 在馆 | |
| 13 | 0287126 | 002871262 | 第四借阅区/ [索取号:G633.63/283:2] | 在馆 | |
| 14 | 0287127 | 002871271 | 第四借阅区/ [索取号:G633.63/283:2] | 在馆 | |
| 15 | 0287128 | 002871280 | 第四借阅区/ [索取号:G633.63/283:2] | 在馆 | |
| 16 | 0287129 | 002871299 | 第四借阅区/ [索取号:G633.63/283:2] | 在馆 | |
| 17 | 0287130 | 002871306 | 第四借阅区/ [索取号:G633.63/283:2] | 在馆 | |
| 18 | 0287131 | 002871315 | 第四借阅区/ [索取号:G633.63/283:2] | 在馆 | |
| 19 | 0287132 | 002871324 | 第一样本阅览室/ [索取号:G633.63/283:2] | 在馆 |